000 01257 a2200289 4500
001 57000
005 20260407155832.0
008 260407a1981 arg spa d
003 AR-UNSa-BCEJYS
040 _aAR-UNSa-BCEJYS
_bspa
_cAR-UNSa-BCEJYS
080 _a338.5
_xPrecios. Formación de precios. Costes
245 1 0 _aEl cálculo de los precios de cuenta en la evaluación de proyectos
_pestudios de casos con base en el método Little-Mirrlees/Squire-van der Tak
020 _a0-940602-01-6
264 1 _aWashington :
_bBanco Interamericano de Desarrollo
_c1981
300 _a482 p.
_c22 cm.
505 _a1. Sinopsis del sistema de precios de cuenta littke-miracles/squire-van der tak – 2.Aplicacion del análisis insumo-producto al cálculo de precios de cuentas sectoriales – 3.Resumen de los resultados – 4.Paraguay – 5.El salvador – 6.Ecuador.
041 _aspa
942 _cBK
590 _aniveau_biblio:m niveau_hierar:0
100 1 _aPowers, Terry A.
700 1 _aCastagnino, Ernesto S.
700 1 _aDonoso R., Gregorio
700 1 _aLondero, Elio H.
700 1 _aMorales Bayro, Luis
700 1 _aTejada, Jorge
856 4 1 _uhttps://biblioeco.unsa.edu.ar/pmb/images/libros/L128640.jpg
_yImagen de portada
_qimage/jpeg
999 _c6088
_d6088